000 nam a22 7a 4500
999 _c9892
_d9892
008 180208b ||||| |||| 00| 0 eng d
100 _aVivekananda Phayand
_95965
245 _aRamayanam, Mahaparatham
260 _aNew Delhi
_bMaanu Publication
_c2012